| 000 | 00681am a2200265a 44500 | ||
|---|---|---|---|
| 003 | AR-BaBNM | ||
| 005 | 20251128211131.0 | ||
| 008 | 092120n #AR|||||||||||000 | esp|| | ||
| 020 | _a950-43-9982-7 | ||
| 040 | _cAR-BaBNM | ||
| 100 | 1 | _aGuinder, Alejandro | |
| 245 | 1 | 0 | _aDe Alemania a Rusia, de Rusia a América |
| 260 |
_aChivilcoy _bChivilcoy Continuos _c1998 |
||
| 300 | _a123 p. | ||
| 650 | 4 | _aHISTORIA ARGENTINA | |
| 650 | 4 | _aINMIGRACION | |
| 650 | 4 | _aINMIGRACION EN ARGENTINA | |
| 650 | 4 | _aMINORIAS | |
| 650 | 4 | _aRELIGION | |
| 650 | 4 | _aCOLONIZACION RURAL | |
| 650 | 4 | _aCOSTUMBRES Y TRADICIONES | |
| 650 | 4 | _aIDEOLOGIAS | |
| 942 | _cBK | ||
| 998 | _cmariana | ||
| 999 |
_c18384 _d18384 |
||